000
00527nam a2200133Ia 4500
008
100328s9999 xx 000 0 und d
082
_b
30048
100
_a
लेले रा.के.
245
_a
हात फिरे तिथे लक्ष्मी फिरे
260
_b
कुलकर्णी ग्रंथागार
630
_a
हात फिरे तिथे लक्ष्मी फिरे
730
_a
हात फिरे तिथे लक्ष्मी फिरे
942
_c
BOOK
999
_c
521036
_d
521033